<?xml version="1.0" encoding="UTF-8"?>
<record
    xmlns:xsi="http://www.w3.org/2001/XMLSchema-instance"
    xsi:schemaLocation="http://www.loc.gov/MARC21/slim http://www.loc.gov/standards/marcxml/schema/MARC21slim.xsd"
    xmlns="http://www.loc.gov/MARC21/slim">

  <leader>00884nam a2200157 a 4500</leader>
  <controlfield tag="001">000034557</controlfield>
  <controlfield tag="005">20200930073750.0</controlfield>
  <controlfield tag="008">111006s1892    sp            000 0 spa d</controlfield>
  <datafield tag="040" ind1=" " ind2=" ">
    <subfield code="a">DO-SdBNP</subfield>
    <subfield code="b">spa</subfield>
    <subfield code="c">BNPHU</subfield>
  </datafield>
  <datafield tag="082" ind1=" " ind2=" ">
    <subfield code="a">xxxx</subfield>
  </datafield>
  <datafield tag="100" ind1="1" ind2=" ">
    <subfield code="a">Vasc&#xE1;no, Antonio,</subfield>
    <subfield code="d">1862-</subfield>
    <subfield code="9">59993</subfield>
  </datafield>
  <datafield tag="245" ind1="1" ind2="0">
    <subfield code="a">Ensayo biogr&#xE1;fico del c&#xE9;lebre navegante y consumado cosm&#xF3;grafo Juan de la Cosa y descripci&#xF3;n e historia de su famosa carta geogr&#xE1;fica /</subfield>
    <subfield code="c">Antonio Vasc&#xE1;no (pseud. de Antonio C&#xE1;novas del Castillo y Vallejo.).</subfield>
  </datafield>
  <datafield tag="260" ind1=" " ind2=" ">
    <subfield code="a">Madrid :</subfield>
    <subfield code="b">Tipo-Litograf&#xED;a de V. Faure,</subfield>
    <subfield code="c">1892.</subfield>
  </datafield>
  <datafield tag="500" ind1=" " ind2=" ">
    <subfield code="a">Obra impresa en espa&#xF1;ol, franc&#xE9;s &#xE9; ingl&#xE9;s, para acompa&#xF1;ar al Mapamundi de Juan de la Cosa, que, como recuerdo del cuarto centenario del descubrimiento de Am&#xE9;rica, han publicado en Madrid los sres. C&#xE1;novas Vallejo y Traynor. Octubre, 1892.</subfield>
  </datafield>
  <datafield tag="700" ind1="1" ind2=" ">
    <subfield code="a">C&#xE1;novas del Castillo y Vallejo, Antonio</subfield>
    <subfield code="9">59994</subfield>
  </datafield>
  <datafield tag="952" ind1=" " ind2=" ">
    <subfield code="0">0</subfield>
    <subfield code="1">0</subfield>
    <subfield code="5">0</subfield>
    <subfield code="7">1</subfield>
    <subfield code="8">MO</subfield>
    <subfield code="a">GR</subfield>
    <subfield code="b">GR</subfield>
    <subfield code="c">CT</subfield>
    <subfield code="d">2011-10-06</subfield>
    <subfield code="i">LF1</subfield>
    <subfield code="l">0</subfield>
    <subfield code="o">xxxx </subfield>
    <subfield code="p">34557-10</subfield>
    <subfield code="r">2020-06-25</subfield>
    <subfield code="w">2020-06-25</subfield>
    <subfield code="y">1</subfield>
    <subfield code="z">Perteneci&#xF3; a la biblioteca personal de Julio Ortega Frier</subfield>
    <subfield code="Z">No se presta</subfield>
  </datafield>
  <datafield tag="999" ind1=" " ind2=" ">
    <subfield code="c">34048</subfield>
    <subfield code="d">34048</subfield>
  </datafield>
</record>
